Anything but Japan Quiz Stats

Quiz Updated Oct 7, 2015

Challenge
Share
Tweet
Embed
Score 0/39 Timer 06:00
123 Plays Today
Hint Answer % Correct
Have a $50 bn+ military budgetUnited States
97.4%
Have hosted the Modern Olympic Games at least three timesUnited States
97.4%
Are island countries* with a population of 15 million +United Kingdom
94.2%
Have a $50 bn+ military budgetUnited Kingdom
94.2%
Have hosted the Modern Olympic Games at least three timesUnited Kingdom
94.2%
Have a $50 bn+ military budgetChina
90%
Have a $50 bn+ military budgetRussia
89.9%
Have a $50 bn+ military budgetFrance
89.5%
Have hosted the Modern Olympic Games at least three timesFrance
89.5%
Have hosted the Modern Olympic Games at least three timesCanada
86.4%
Have hosted the Modern Olympic Games at least three timesGermany
86.3%
Contain only A vowelsCanada
85.9%
Contain the letter JJamaica
76.6%
Are island countries* with a population of 15 million +Indonesia
76.5%
Contain only A vowelsMadagascar
70.3%
Are island countries* with a population of 15 million +Madagascar
70.3%
Have five letters and end in NSpain
69.5%
Have hosted the Modern Olympic Games at least three timesItaly
68.4%
Contain the letter JJordan
65.8%
Are island countries* with a population of 15 million +Philippines
64.6%
Hint Answer % Correct
Contain the letter JAzerbaijan
59.9%
Contain the letter JDjibouti
55.8%
Are island countries* with a population of 15 million +Sri Lanka
52.3%
Contain the letter JTajikistan
50.6%
Are island countries* with a population of 15 million +Taiwan
50%
Contain only A vowelsPanama
47.6%
Have five letters and end in NBenin
47%
Contain the letter JFiji
46.1%
Contain only A vowelsChad
44%
Have five letters and end in NYemen
43.9%
Contain only A vowelsGhana
42.2%
Contain only A vowelsMalta
37%
Have five letters and end in NGabon
35.7%
Contain only A vowelsBahamas
35.3%
Contain only A vowelsQatar
34.8%
Have five letters and end in NSudan
34.7%
Have a $50 bn+ military budgetSaudi Arabia
34.3%
Contain only A vowelsRwanda
27.6%
Contain only A vowelsKazakhstan
25.7%

You're not logged in!

Compare scores with friends on all Sporcle quizzes.
Sign Up with Email
OR
Log In

You Might Also Like...

Show Comments

Extras

Top Quizzes Today


Score Distribution

Your Account Isn't Verified!

In order to create a playlist on Sporcle, you need to verify the email address you used during registration. Go to your Sporcle Settings to finish the process.